Vereine die direkt hintereinander die Champions League gewonnen haben - Statistiken

Allgemein
  • Dieses Quiz wurde 146 mal gespielt
    38 seit der letzten Aktualisierung
  • Das Durchschnittsergebnis liegt bei 8 aus 10
Antwortstatistiken
Saisons Verein % Korrekt
2025-2026 Paris Saint Germain
100%
1956-1960 Real Madrid
100%
2016-2018 Real Madrid
100%
1974-1976 FC Bayern München
97%
1977-1978 Liverpool FC
71%
1979-1980 Nottingham Forest
71%
1971-1973 Ajax Amsterdam
68%
1989-1990 AC Mailand
65%
1964-1965 Inter Mailand
53%
1961-1962 SL Benfica Lissabon
53%
Keine übereinstimmenden Quizze gefunden
Verteilung der Resultate
Anzahl Personen mit jedem Resultat
Perzentil nach korrekt beantworteten Fragen
Ihre Resultats-Entwicklung
Sie haben dieses Quiz seit der letzten Aktualisierung nicht gespielt